00663 2200253 4500001002100000005001500021035002000036007000300056008004100059040001700100100001800117245005600135250001200191300003200203041000800235082001000243084001600253090002200269260003700291850001000328700003200338600002400370990001500394INLIS00000000000372620260528093134 a0010-0721000081ta260528 0  aSBPUPADbInd0 aFarodis, Zian1 aPanduan Lengkap Manajemen Kebidanan /cZian Farodis a--Cet.1 a163 hlm. :billus. ;c20 cm07aInd a610.6 a610.6 FAR p a610.6 BOY b L15-9 a--Yogyakarta :bD-Medika,c2012. aPUPAD0 aeditor: Abdul Azid Muttaqin 4aManajemen Kebidanan a735/B/2013